vufinder Bibliothèque Municipale de Charleval de Provence
Se connecter

Lin (Le)

accessoires, déco, vêtements

Book Cover
Auteur principal: Florence Le Maux
D'autres auteurs: Claire Curt
Support: Livres
Langue: Francais
Publié: 2007 Minerva Genève (Suisse)
Genre: Documentaire
Collection: Objets à faire soi-même
Sujets:
Étiquettes: Ajouter
Pas de Tags !

LEADER 00887nam0a2200217 450
001 16800554
010 |a 978-2-8307-0932-2  |b Cart.  |d 13,9 € 
100 |a 20070525d2007 u u0frey01 ba 
101 0 |a fre 
102 |a CH 
200 0 |a Lin (Le)  |e accessoires, déco, vêtements  |f Florence Le Maux  |g photographies Claire Curt 
207 1 |a   
210 |a Genève (Suisse)  |c Minerva  |d 2007 
215 |a 80 p.  |c ill. en coul.  |d 27 x 21 cm 
225 1 |a Objets à faire soi-même 
330 |a Une vingtaine de modèles d'objets en lin à réaliser soi-même pour s'habiller ou décorer la maison. Chaque objet à son niveau de difficulté, du facile au technique. 
700 0 |a Le Maux  |b Florence  |4 70 
702 0 |a Curt  |b Claire  |4 600 
900 |a Documentaire 
901 |a Accessible au prêt 
995 |a Bibliothèque  |c Bibliothèque  |f 00156004849584  |h 00156004849584  |k 746 LEM  |o p  |q a  |r az  |e Bibliothèque 

Options de recherche

Historique de recherche
Recherche avancée

Trouver plus

Nouveautés

Besoin d'aide ?

Contacter un bibliothécaire